[Event "Lancaran op-A"]
[Site "Lancaran"]
[Date "2025.07.13"]
[Round "9"]
[White "Bagishov, Anar"]
[Black "Abbasov, Amil Habil Oglu"]
[Result "0-1"]
[WhiteElo "1845"]
[BlackElo "2076"]
[PlyCount "68"]
[EventDate "2025.07.07"]
[EventType "swiss"]
[EventRounds "9"]
[EventCountry "AZE"]
[SourceTitle "CB29_2025"]
[SourceDate "2025.07.16"]
[SourceVersion "1"]
[SourceVersionDate "2025.07.16"]
[SourceQuality "1"]

1. d4 Nf6 2. c4 c5 3. d5 e6 4. Nc3 exd5 5. cxd5 d6 6. e4 g6 7. f4 Bg7 8. Nf3 0-0 9. Be2 Re8 10. e5 dxe5 11. fxe5 Ng4 12. e6 fxe6 13. d6 Bd7 14. Bg5 Qa5 15. 0-0 Nc6 16. Ne4 Qb4 17. Qc2 Nd4 18. Nxd4 Qxd4+ 19. Kh1 Ne3 20. Bxe3 Qxe3 21. Rf3 Qh6 22. Raf1 Bd4 23. Rh3 Qg7 24. Ng5 Rf8 25. Nxh7 Rxf1+ 26. Bxf1 Be8 27. Qe4 Rd8 28. Bc4 Rxd6 29. Ng5 Bf6 30. Bxe6+ Kf8 31. Bb3 Bxg5 32. Rf3+ Rf6 33. Qe6 Rxf3 34. gxf3 Qf6 0-1